00691nam a2200205 a 4500008004100000020003100041040002500072041001300097044001100110080001700121100002400138245011200162260007800274300001000352490001300362700002700375700003300402700002600435700002400461951121s1989||||[C 0 slo c c30 Kčs. q(7000 výtl.) aSNKbslocSNKeAACR21 aslohswe axocSK a839.7-3(081)1 aLagerkvist, Pr4aut10aKat a iné prózycPr Lagerkvist ; Pär Lagerkvist, Helena Dobiášová, Rudolf Gedeon, Rudolf Gedeon aBratislavabSlovenský spisovateľc1989eNitrafNitrianske tlačiarne c21 cm0 aVavrín1 aLagerkvist, Pär4aut1 aDobiášová, Helena4trl1 aGedeon, Rudolf4[ADC]1 aGedeon, Rudolf4oth